000 01380cam a2200133 4500500
005 20260405085450.0
041 _afre
042 _adc
100 1 0 _aBraudel, Fernand
_eauthor
245 0 0 _aLa Méditerranée et le monde méditerranéen au temps de Philippe II : Tome 2 - Destins collectifs et mouvements d'ensemble
260 _bArmand Colin,
_c2017.
520 _a« Avec la Méditerranée, j’ai pris le large, j’ai visité avec ravissement à peu près tous les pays et tous les dépôts d’archives de Méditerranée. Cela m’a pris une vingtaine d’années. » Le deuxième volume de La Méditerranée est consacré aux économies et aux sociétés. Tout au long du XVIe siècle, la Méditerranée, bien qu’envahie par les bateaux du Nord, reste la puissance économique prééminente : l’or et l’argent que déversent en Espagne les mines d’Amérique aboutissent dans les mains de banquiers italiens, maîtres du crédit à travers toute l’Europe. Cependant, la Méditerranée partage les difficultés de sociétés en crise dans une montée à la fois d’inflation, de banditisme, de guerres civiles et religieuses – un destin commun aux deux civilisations qui la divisent : Islam et Chrétienté.
856 4 1 _uhttps://shs.cairn.info/la-mediterranee-et-le-monde-mediterraneen-au-temps--9782200618261?lang=fr&redirect-ssocas=7080
999 _c2197798
_d2197798